000 00681nam a2200241Ia 4500
003 OSt
005 20221005083517.0
006 a|||||r|||| 00| 0
007 ta
008 221004b |||||||| |||| 00| 0 eng d
024 _a122330
037 _bGift, 27/10/2012,
_cTextual
040 _aCRL
_cCRL
_beng
041 _2eng
_aeng
082 _aV4498, M7
100 _aRichard De Silva Chandra
_9612654
245 0 _aSri Lanka
_b History
260 _aNew Delhi
_bVikas Publishing House India
_c1987
300 _axvi,316p.
_ccm.
650 _aHISTORY
942 _hV4498, M7
_cTEXL
_2cc
999 _c991140
_d991140